000 00311nam a22001337a 4500
008 181019b xxu||||| |||| 00| 0 eng d
020 _a9781609136949
041 _aeng
080 _29 ED
_a610.73
100 _a2
101 _aINF
245 _aPsychiatric Nursing Care Plans
_cJudith.M.S
942 _2udc
_cBK
999 _c50221
_d50221